MCU First Appearances of Infinity Stones - Statistics

General Stats
  • This quiz has been taken 275 times
  • The average score is 5 of 6
Answer Stats
Stone Movie % Correct
Time Doctor Strange
95%
Power Guardians of the Galaxy
90%
Mind The Avengers
90%
Soul Avengers: Infinity War
74%
Reality Thor: The Dark World
71%
Space Thor
69%
No matching quizzes found
Score Distribution
Percent of People with Each Score
Percentile by Number Answered
Your Score History
You have not taken this quiz